Films by Computer Quiz Stats

 Plays Quiz Updated Feb 7, 2020

Support Sporcle.
Go Orange.
Score 0/18 Timer 06:00
0 Plays Today
Computer/AI Film % Correct
SkynetTerminator
80.3%
HAL 90002001: A Space Odyssey
80.3%
JarvisIron Man
44.2%
AUTOWALL-E
37.3%
WOPRWarGames
33.9%
MU-TH-R 182 model 2.1 terabyte Al Mainframe (aka Mother)Alien
32.5%
V.I.K.I.I, Robot
29.2%
SamanthaHer
26.9%
Deep ThoughtHitchhiker's Guide to the Galaxy
26%
Computer/AI Film % Correct
Dr. KnowA.I. Artificial Intelligence
22.5%
Master Control ProgramTron
21.9%
AvaEx Machina
17.5%
Red QueenResident Evil
17.1%
I.N.T.E.L.L.I.G.E.N.C.E.Team America: World Police
13.8%
GERTYMoon
12%
ChristopherThe Imitation Game
6.6%
S.C.M.O.D.S.The Blues Brothers
6.6%
Project 2501Ghost in the Shell
4.4%

You're not logged in!

Compare scores with friends on all Sporcle quizzes.
OR
Log In
Forgot?

From the Vault

5 to 1: African Countries

by mg10

It's a like a mini tour of Africa.
Remove Ads.
Support Sporcle.
Get the best of Sporcle when you Go Orange. This ad-free experience offers more features, more stats, and more fun while also helping to support Sporcle. Thank you for becoming a member.

Show Comments

Extras

Top Quizzes Today


Score Distribution

Your Account Isn't Verified!

In order to create a playlist on Sporcle, you need to verify the email address you used during registration. Go to your Sporcle Settings to finish the process.

Report this User

Report this user for behavior that violates our Community Guidelines.

Details: